Statistics for Wentworth trivia

Click here to take the quiz!

General Stats

  • This quiz has been taken 26 times
  • The average score is 15 of 23

Answer Stats

HintAnswer% Correct
Fights Franky for Top Dog?Bea Smith
100%
Who kills Liz out of mercy?Boomer Jenkins
100%
Does Franky accidentally kill?Meg Jackson
100%
Franky's nickname for Bea?Red
100%
Franky's nickname for Bridget?Gidget
94%
Who got shot by Bea?Brayden Holt
89%
Who was stabbed to death by Bea?Jacs Holt
89%
What does Bea think the clouds look like?Seahorse
78%
Who the first governor cheating on their spouse with?Matthew Fletcher
72%
Name of Lizzie's daughter?Sophie Donaldson
72%
Does Kaz call a good man?Will Jackson
72%
Bea's husband?Harry Smith
67%
Name of Lizzie's son?Artie Donaldson
61%
Grace's father?Jake Stewart
61%
Grace's mother?Vera Bennett
61%
Ritas nickname for her sister?KangaRuby
44%
How did Bea use to tell Debbie that she loved her?To the moon and back
44%
Kaz's nickname for Allie?Bubba
39%
Ruby's nickname for Allie?Sugar Tits
33%
Who does Bea ask Allie to look after?Debbie
28%
Bea's last words to Allie?I love you beautiful girl
17%
First time Bridget fell in love with Franky?Paint me a picture
17%
Allie's nickname for Ruby?Mighty Mouse
11%

Score Distribution

Percentile by Number Answered

Percent of People with Each Score

Your Score History

You have not taken this quiz